Irrigation practice among fruit growers on the Pacific coast / (Record no. 134585)

MARC details
000 -LEADER
campo de control de longitud fija 00483nam a2200157 i 4500
001 - NÚMERO DE CONTROL
campo de control 134585
003 - IDENTIFICADOR DE NÚMERO DE CONTROL
campo de control ES-MaACL
005 - FECHA Y HORA DE LA ÚLTIMA TRANSACCIÓN
campo de control 20230906194714.0
007 - CAMPO FIJO DE DESCRIPCIÓN FÍSICA--INFORMACIÓN GENERAL
campo de control de longitud fija t|
008 - DATOS DE LONGITUD FIJA--INFORMACIÓN GENERAL
campo de control de longitud fija 070912s1902 xxu ||||1| eng d
100 1# - ENTRADA PRINCIPAL--NOMBRE DE PERSONA
Nombre de persona Wickson, E. J.
9 (RLIN) 116742
245 10 - MENCIÓN DEL TÍTULO
Título Irrigation practice among fruit growers on the Pacific coast /
Mención de responsabilidad, etc. by E. J. Wickson.
260 ## - PUBLICACIÓN, DISTRIBUCIÓN, ETC.
Lugar de publicación, distribución, etc. Washington :
Nombre del editor, distribuidor, etc. [s.n.],
Fecha de publicación, distribución, etc. 1902.
500 ## - NOTA GENERAL
Nota general Precede al tít.: U. S. Department of Agriculture.
852 ## - LOCALIZACIÓN
Ubicación ES-MaACL
Número de control de estantería T-1110-F-3
Holdings
Estatus retirado Estado de pérdida Estado de daño No para préstamo Colección Biblioteca de origen Biblioteca actual Ubicación en estantería Fecha de adquisición Fuente de adquisición Total de préstamos Signatura topográfica completa Código de barras Visto por última vez Precio de reemplazo Tipo de ítem Koha
        Colección de folletos Biblioteca del Ateneo de Madrid Biblioteca del Ateneo de Madrid Depósito folletos 17/01/2008     T-1110-F-3 1140085 23/02/2023 23/02/2023 Folleto